Administração: teoria, processo e prática (Record no. 192468)

MARC details
000 -LÍDER
campo de controle de tamanho fixo 00403 a2200169 4500
001 - NÚMERO DE CONTROLE
campo de controle 192468
020 ## - ISBN - INTERNATIONAL STANDARD BOOK NUMBER
ISBN - International Standard Book Number
040 ## - FONTE DA CATALOGAÇÃO
Instituição que transcreveu o registro Magnum
100 ## - ENTRADA PRINCIPAL--NOME PESSOAL
Nome pessoal Chiavenato, Idalberto
240 10 - TÍTULO UNIFORME
Título uniforme Administração: teoria, processo e prática
Idioma da obra por
245 10 - TÍTULO
Título Administração: teoria, processo e prática
300 ## - DESCRIÇÃO FÍSICA
Extensão 381
362 0# - DATAS DE PUBLICAÇÃO E/OU DESIGNAÇÃO SEQUENCIAL
Datas de publicação e/ou designação sequencial 1987
440 #1 - DECLARAÇÃO DE SÉRIE/ENTRADA ADICIONADA--TÍTULO
Título Mcgraw-Hill
697 ## - ENTRADA DE ASSUNTO LOCAL--ENTIDADE COLETIVA (RLIN)
Nome corporativo ou nome da jurisdição LITERATURA GERAL
942 ## - ELEMENTOS DE ENTRADA ADICIONADOS (KOHA)
Tipo de material Koha Livros
Holdings
Situação do descarte Situação das perdas Situação física Não pode ser emprestado Biblioteca de origem Biblioteca atual Data de aquisição Total de empréstimos Número de chamada completo Código de barras Data de último acesso Data do preço efetivo Tipo de material Koha
        Magnum Magnum 08/06/2024   658.12 MAG00070627 08/06/2024 08/06/2024 Livros